Statystyki dla Quiz o Indonezji

Kliknij tutaj aby rozwiązać quiz!

Ogólne statystyki

  • Ten quiz został rozwiązany 1 134 razy
  • Średni wynik to 13 z 24

Statystyki odpowiedzi

WskazówkaOdpowiedź% Poprawnych
StolicaDżakarta
93%
Państwa graniczące z IndonezjąMalezja
93%
87,2% Indonezyjczyków wyznaje tą religięIslam
88%
Państwa graniczące z IndonezjąPapua-Nowa Gwinea
88%
Państwa graniczące z IndonezjąTimor Wschodni
87%
Największe wyspyJawa
80%
Największe wyspyBorneo
77%
W 2004 r. Indonezja poniosła 130 000 ofiar śmiertelnych w wyniku tego rodzaju klęskiTsunami
77%
Kraj, który skolonizował IndonezjęHolandia
74%
Najbardziej znana wyspa kurortowaBali
65%
Największe wyspySumatra
65%
Indonezja ma największą populację tej wielkiej małpyOrangutan
52%
Największe wyspyNowa Gwinea
46%
Borobudur jest największym z nich na świecieŚwiątynia {Buddyjska}
42%
Największe wyspyCelebes
41%
Rafflesia arnoldii jest największym na świecie i być może najgorzej pachnącym z nichKwiat
40%
Zwierzę narodoweSmok z {Komodo}
38%
Jednostka walutowa IndonezjiRupia
35%
Najważniejsze wybuchy wulkanów w XIX wieku (nazwij którekolwiek)Krakatoa | Tambora
32%
Drugie lub trzecie najbardziej zaludnione miasto (nazwij którekolwiek)Surabaja | Bandung
25%
Stolica powyższej wyspyDenpasar
21%
Masowo eksportowany towar w XVII i XVIII wiekuPrzyprawy
19%
Jeden z dwóch pierwszych prezydentów IndonezjiSukarno | Suharto
18%
Superwulkan, który wybuchł 74 tys. lat temu, niemalże powodując wyginięcie ludziJezioro {Toba}
16%

Rozkład punktacji

Percentyl według liczby udzielonych odpowiedzi

Procent ludzi z każdym wynikiem

Twoja historia wyników

Nie rozwiązałeś tego quizu